Приключения Тома Сойера (Запись № 655144)

Подробности
000 -МАРКЕР
контрольное поле 01335nam0a2200313 4500
001 - ИДЕНТИФИКАТОР ЗАПИСИ
контрольное поле RU\NLR\bibl\1321624
005 - ИДЕНТИФИКАТОР ВЕРСИИ
контрольное поле 20090615123650.0
010 ## - МЕЖДУНАРОДНЫЙ СТАНДАРТНЫЙ НОМЕР КНИГИ (ISBN)
Номер (ISBN) 978-5-465-01815-9
Тираж 15000
021 ## - НОМЕР ГОСУДАРСТВЕННОЙ РЕГИСТРАЦИИ
Код страны Российская Федерация
Номер КН-П-22-040908
Номер Листа государственной регистраци КН-П-22-3533
035 ## - ДРУГИЕ СИСТЕМНЫЕ НОМЕРА
Идентификатор записи (NLR Aleph) 001306964
100 ## - ДАННЫЕ ОБЩЕЙ ОБРАБОТКИ
Данные общей обработки 20090129d2008 d y0rusy50 ca
101 1# - ЯЗЫК РЕСУРСА
Язык текста, звукозаписи и т.д. русский
Язык оригинала английский
102 ## - СТРАНА ПУБЛИКАЦИИ ИЛИ ПРОИЗВОДСТВА
Страна публикации Российская Федерация
105 ## - ПОЛЕ КОДИРОВАННЫХ ДАННЫХ: ТЕКСТОВЫЕ МАТЕРИАЛЫ, МОНОГРАФИЧЕСКИЕ
Кодированные данные о монографическом текстовом документе a |||||||||
200 1# - ЗАГЛАВИЕ И СВЕДЕНИЯ ОБ ОТВЕТСТВЕННОСТИ
Основное заглавие Приключения Тома Сойера
Сведения, относящиеся к заглавию [для детей среднего школьного возраста]
Первые сведения об ответственности Марк Твен
Последующие сведения об ответственности [пер. с англ. - Н. Дарузес]
-- худож. И. Петелина
210 ## - ПУБЛИКАЦИЯ, РАСПРОСТРАНЕНИЕ И ДР.
Место издания, распространения и т.д. Реутов
Имя издателя, распространителя и т. д. Омега
Место издания, распространения и т.д. Москва
Имя издателя, распространителя и т. д. Омега-Пресс
Дата издания, распространения и т.д. 2008
215 ## - ФИЗИЧЕСКАЯ ХАРАКТЕРИСТИКА
Специфическое обозначение материала и объем 284, [2] с., [18] с. цв. ил.
Размеры 21
225 1# - СЕРИЯ
Основное заглавие серии Школьная библиотека
300 ## - ОБЩИЕ ПРИМЕЧАНИЯ
Текст примечания Произведения печатаются без сокр.
686 ## - ИНДЕКСЫ ДРУГИХ КЛАССИФИКАЦИЙ
Индекс Ш9(7США)62-4
700 #1 - ИМЯ ЛИЦА - ПЕРВИЧНАЯ ОТВЕТСТВЕННОСТЬ
Код отношения Автор
Графика поля Кириллица
Материалы, к которым относится поле rus
Начальный элемент ввода Твен
Часть имени, кроме начального элемента ввода М.
Даты 1835-1910
Расширение инициалов личного имени Марк
Системный номер авторитетной/нормативной записи 110265
Идентификатор авторитетной/нормативной записи RU\NLR\auth\77201
702 #1 - ИМЯ ЛИЦА - ВТОРИЧНАЯ ОТВЕТСТВЕННОСТЬ
Код отношения Карикатурист, Художник
Графика поля Кириллица
Материалы, к которым относится поле rus
Начальный элемент ввода Петелина
Часть имени, кроме начального элемента ввода И. А.
Дополнения к именам, кроме дат художник
Даты 1964-
Расширение инициалов личного имени Ирина Андреевна
Системный номер авторитетной/нормативной записи 36108
Идентификатор авторитетной/нормативной записи RU\NLR\auth\7753175
801 #0 - ИСТОЧНИК ЗАПИСИ
Страна Российская Федерация
Организация NLR
Дата составления 20090129
Правила каталогизации RCR
801 #1 - ИСТОЧНИК ЗАПИСИ
Страна Российская Федерация
Организация NLR
Дата составления 20090129
942 ## - ДОПОЛНИТЕЛЬНЫЕ ЭЛЕМЕНТЫ ЗАПИСИ (АБИС)
Тип экземпляра АБИС Книга
980 ## - КОЛЛЕКЦИЯ
Название коллекции Национальная библиография
Экземпляры
Тип экземпляра Дата поступления Источник поступления Библиотека постоянного хранения Библиотека текущего хранения Место хранения Шифр хранения Штрих-код Статус экземпляра Нумерация / хронология для периодики
Книга 29.01.2009 Обязательный экземпляр РНБ (Московский) РНБ (Московский) Русский книжный фонд: издания с 1957 года 2009-3/2064 2839193    
Книга 29.01.2009 Обязательный экземпляр РНБ (Московский) РНБ (Московский) Выбыл из РНБ в другие организации (Обменный фонд)   2839194    
Книга 15.12.2011 Обязательный экземпляр РНБ (Московский) РНБ (Московский) Обменный фонд   3558252    
Книга 15.12.2011 Обязательный экземпляр РНБ (Московский) РНБ (Московский) Обменный фонд   3558253    
Книга 22.08.2022 Обязательный экземпляр РНБ (Московский) РНБ (Московский) Обменный фонд   1-3935699   2022
Книга 22.08.2022 Обязательный экземпляр РНБ (Московский) РНБ (Московский) Обменный фонд   1-3935700   2022